<?xml version="1.0" encoding="UTF-8"?>
<record
    xmlns:xsi="http://www.w3.org/2001/XMLSchema-instance"
    xsi:schemaLocation="http://www.loc.gov/MARC21/slim http://www.loc.gov/standards/marcxml/schema/MARC21slim.xsd"
    xmlns="http://www.loc.gov/MARC21/slim">

  <leader>00458nam a2200133Ia 4500</leader>
  <controlfield tag="008">151001s9999||||xx |||||||||||||| ||und||</controlfield>
  <datafield tag="100" ind1=" " ind2=" ">
    <subfield code="a">&#x936;&#x902; &#x930; &#x92B;&#x93E;&#x91F;&#x915;</subfield>
  </datafield>
  <datafield tag="245" ind1=" " ind2=" ">
    <subfield code="a">&#x939;&#x94B;&#x92E;&#x93F;&#x913;&#x92A;&#x947;&#x925;&#x93F;&#x915; &#x914;&#x937;&#x927;&#x93E;&#x902;&#x91A;&#x93E; &#x928;&#x93F;&#x918;&#x902;&#x91F;&#x942; </subfield>
  </datafield>
  <datafield tag="250" ind1=" " ind2=" ">
    <subfield code="a">5</subfield>
  </datafield>
  <datafield tag="260" ind1=" " ind2=" ">
    <subfield code="b">&#x92E;&#x939;&#x93E;&#x930;&#x93E;&#x937;&#x94D;&#x91F;&#x94D;&#x930; &#x930;&#x93E;&#x91C;&#x94D;&#x92F; &#x938;&#x93E;&#x939;&#x93F;&#x924;&#x94D;&#x92F; &#x938;&#x902;&#x938;&#x94D;&#x915;&#x941;&#x924;&#x940; &#x92E;&#x902;&#x921;&#x933; &#x92E;&#x941;&#x902;&#x92C;&#x908;</subfield>
  </datafield>
  <datafield tag="260" ind1=" " ind2=" ">
    <subfield code="c">2005</subfield>
  </datafield>
  <datafield tag="300" ind1=" " ind2=" ">
    <subfield code="a">595</subfield>
  </datafield>
  <datafield tag="365" ind1=" " ind2=" ">
    <subfield code="b">21</subfield>
  </datafield>
  <datafield tag="999" ind1=" " ind2=" ">
    <subfield code="c">1000780</subfield>
    <subfield code="d">1000777</subfield>
  </datafield>
</record>
